000 00572 a2200169 4500
003 Nust
005 20230327113409.0
040 _cNust
082 _a629.83,SMI
100 _aOtto J. M. Smith
_9111437
245 _aFeed back control systems /
_cOtto J. M. Smith
260 _aNew York
_bMc Graw-Hill
_c1958
300 _a694p
505 _aPart 1: Linear Analysis (Page-1), Part 2: Linear Synthesis (Page-173), Part 3: Steady-State Nonlinear Analysis (Page-355), Part 4: Nonlinear Synthesis (Page-505).
650 _aFeed back control system
_9111438
942 _2ddc
_cBK
999 _c183935
_d183935